ทฤษฎีเกม: ความรู้ฉบับพกพา = (ระเบียนเลขที่ 107514)
| 000 -LEADER | |
|---|---|
| fixed length control field | 01691nam a2200289 4500 |
| 003 - CONTROL NUMBER IDENTIFIER | |
| control field | NALT |
| 005 - DATE AND TIME OF LATEST TRANSACTION | |
| control field | 20251226140440.0 |
| 008 - FIXED-LENGTH DATA ELEMENTS--GENERAL INFORMATION | |
| fixed length control field | 251119b th ||||| |||| 00| 0 tha d |
| 020 ## - INTERNATIONAL STANDARD BOOK NUMBER | |
| International Standard Book Number | 9786168221082 |
| 040 ## - CATALOGING SOURCE | |
| Original cataloging agency | NALT |
| 041 1# - LANGUAGE CODE | |
| Language code of text/sound track or separate title | tha |
| Language code of original | eng |
| 050 ## - LIBRARY OF CONGRESS CALL NUMBER | |
| Classification number | HB 144 |
| Item number | บ331ท 2562 |
| 100 1# - MAIN ENTRY--PERSONAL NAME | |
| Personal name | บินมอร์, เคน. |
| 9 (RLIN) | 67035 |
| 245 10 - TITLE STATEMENT | |
| Title | ทฤษฎีเกม: ความรู้ฉบับพกพา = |
| Remainder of title | Game theory: a very short introduction / |
| Statement of responsibility, etc. | ผู้เขียน เคน บินมอร์ ; ผู้แปล พรเทพ เบญญาอภิกุล. |
| 246 31 - VARYING FORM OF TITLE | |
| Title proper/short title | Game theory : |
| Remainder of title | a very short introduction. |
| 250 ## - EDITION STATEMENT | |
| Edition statement | พิมพ์ครั้งที่ 3. |
| 260 ## - PUBLICATION, DISTRIBUTION, ETC. | |
| Place of publication, distribution, etc. | กรุงเทพฯ : |
| Name of publisher, distributor, etc. | บุ๊คสเคป, |
| Date of publication, distribution, etc. | 2562. |
| 300 ## - PHYSICAL DESCRIPTION | |
| Extent | 293 หน้า : |
| Other physical details | ภาพประกอบ, แผนภูมิ ; |
| Dimensions | 19 ซม. |
| 505 2# - FORMATTED CONTENTS NOTE | |
| Formatted contents note | 1. ชื่อของเกม -- 2. โอกาส -- 3. เวลา -- 4. แบบแผน -- 5. ความสัมพันธ์ต่างตอบแทน -- 6. ข้อมูล -- 7. การประมูล -- 8. ชีววิทยาเชิงวิวัฒนาการ -- 9. การต่อรองและแนวร่วม -- 10. ปริศนาและความย้อนแย้ง. |
| 650 #4 - SUBJECT ADDED ENTRY--TOPICAL TERM | |
| Topical term or geographic name entry element | ทฤษฎีเกม |
| 9 (RLIN) | 64953 |
| 700 0# - ADDED ENTRY--PERSONAL NAME | |
| Personal name | พรเทพ เบญญาอภิกุล |
| 9 (RLIN) | 54070 |
| 942 ## - ADDED ENTRY ELEMENTS (KOHA) | |
| Source of classification or shelving scheme | Library of Congress Classification |
| Koha item type | General Book |
| 996 ## - STAFF PROCESSING RECORDS (NALT) | |
| Staff name | jidapa.t |
| Staff type | ACQSTF |
| Acquisition or Cataloging date | 2025-11-19 |
| 996 ## - STAFF PROCESSING RECORDS (NALT) | |
| Staff name | varee.k |
| Staff type | LIBSTF |
| Acquisition or Cataloging date | 2025-11-21 |
| 998 ## - STAFF NAME (NALT) | |
| -- | 8 |
| -- | นายบัณฑิต อุทาวงค์ |
| Withdrawn status | Lost status | Source of classification or shelving scheme | Damaged status | Not for loan | Collection code | Home library | Current library | Shelving location | Date acquired | Total Checkouts | Total Renewals | Full call number | Barcode | Date last seen | Date last checked out | Price effective from | Koha item type |
|---|---|---|---|---|---|---|---|---|---|---|---|---|---|---|---|---|---|
| Library of Congress Classification | General Book collection | National Assembly Library of Thailand | National Assembly Library of Thailand | General Book shelves | 19/11/2025 | 2 | 1 | HB 144 บ331ท 2562 | 3961215929 | 06/01/2026 | 26/12/2025 | 19/11/2025 | General Book |
